000 00253nam a2200097Ia 4500
001 687333
005 20250826161553.0
008 250824s9999 xx 000 0 und d
245 0 _aDÜNYA BÜYÜLÜ BİR YER
_cDAVİD ALMOND
260 _bGÜNIŞIĞI YAYINLARI
999 _c687333
_d687333